| 000 | 01084nam a2200241 a 4500 | ||
|---|---|---|---|
| 001 | 78484 | ||
| 003 | BD-RjUL | ||
| 005 | 20211209083132.0 | ||
| 008 | 210927s19741971bg ||||| |||| 00| 0 ben d | ||
| 020 | _c: Tk.9.00 | ||
| 035 | _a(BD-RjUL)78710 | ||
| 040 |
_aBD-RjUL _bben _cBD-RjUL |
||
| 041 | _aben | ||
| 082 |
_223 _a891.44108 _bRAK 1974 |
||
| 245 | 0 | 0 |
_aরক্তাক্ত মানচিত্র / _cআবদুল হাফিজ সম্পাদিত |
| 260 |
_aঢাকা : _bমুক্তধারা, _c১৯৭১ [পুনমুর্দ্রণ ১৯৭৪] |
||
| 300 |
_a১৮৬ পৃ. ; _c২১ সেমি. |
||
| 500 | _a"মুজিবনগরে প্রথম প্রকাশ: ডিসেম্বর, ১৯৭১ এবং ঢাকায় পুনমুর্দ্রণ: মার্চ ১৯৭৪" | ||
| 650 |
_aবাংলা কবিতা _xসংগ্রহ _9211962 |
||
| 650 |
_aBengali poetry _9211963 _xCollection |
||
| 700 |
_aহাফিজ, আবদুল, সম্পাদক _9248552 |
||
| 942 |
_2ddc _cRAR |
||
| 999 |
_c78484 _d78484 |
||